|
|
|
|
| LEADER |
00861cam a2200205 7i4500 |
| 001 |
0000056554 |
| 005 |
20201215090000.0 |
| 020 |
|
|
|a 1930708432 (electronic book)
|
| 090 |
0 |
0 |
|a HC79.I55
|b T36 2002
|
| 100 |
1 |
|
|a Tan, Felix B
|
| 245 |
0 |
0 |
|a Advanced topics in global information management :
|b Volume 1
|c Felix B. Tan.
|
| 300 |
|
|
|a 1 online resource (396 pages):
|b illustrations (some color), text file, PDF.
|
| 336 |
|
|
|a text
|2 rdacontent
|
| 337 |
|
|
|a computer
|2 rdamedia
|
| 338 |
|
|
|a online resource
|2 rdacarrier
|
| 650 |
0 |
0 |
|a Information technology --
|x Management
|
| 655 |
0 |
0 |
|a Electronic books
|
| 856 |
4 |
2 |
|u http://library.unisel.edu.my/equip-unisel/custom/ebook_catalog/ebook/AdvancedTopicsinGlobalInformationManagement.pdf
|
| 997 |
|
|
|a Communication, Visual Art & Computing, Faculty
|b Computing, Department
|
| 999 |
|
|
|a EBO0002919
|b EBOOK
|c EBOOK
|e Electronic resources
|